2018 FIFA World Cup Qualification (UEFA): Neighbour Battles - Statistics

General Stats
  • This quiz has been taken 294 times
    214 since last reset
  • The average score is 5 of 8
Answer Stats
Answer % Correct
France
90%
Germany
85%
England
81%
Scotland
67%
Czech Republic
58%
Luxembourg
54%
Albania
39%
FYR Macedonia
36%
No matching quizzes found
Score Distribution
Percent of People with Each Score
Percentile by Number Answered
Your Score History
You have not taken this quiz since the last reset